| 000 -LEADER |
| fixed length control field |
00479cam a22001337a 4500 |
| 008 - FIXED-LENGTH DATA ELEMENTS--GENERAL INFORMATION |
| fixed length control field |
180718b1983 xxu||||| |||| 00| 0 eng d |
| 082 ## - DEWEY DECIMAL CLASSIFICATION NUMBER |
| Classification number |
B30x5421 R198 |
| 100 ## - MAIN ENTRY--PERSONAL NAME |
| Personal name |
Rawat, Ajay Singh |
| 245 ## - TITLE STATEMENT |
| Title |
Garhwal Himalayas : a historical survey : political and administrative history of Garhwal 1815-1947 |
| Statement of responsibility, etc. |
by Ajay Singh Rawat |
| 260 ## - PUBLICATION, DISTRIBUTION, ETC. |
| Place of publication, distribution, etc. |
Delhi |
| Name of publisher, distributor, etc. |
Eastern Book Linkers |
| Date of publication, distribution, etc. |
1983 |
| 300 ## - PHYSICAL DESCRIPTION |
| Extent |
235p. |
| 650 ## - SUBJECT ADDED ENTRY--TOPICAL TERM |
| Topical term or geographic name entry element |
Garhwal - History |
| 650 ## - SUBJECT ADDED ENTRY--TOPICAL TERM |
| Topical term or geographic name entry element |
Public administration - History - India - U.P. |